| 000 | 00927pam a2200289 a 4500 | ||
|---|---|---|---|
| 001 | 1071407 | ||
| 005 | 20250209165925.0 | ||
| 008 | 910904s1992 moua b 001 0 eng c | ||
| 020 | _a0815105452 | ||
| 050 | 0 | 0 |
_aRD521 _b.L56 1991 |
| 082 | 0 | 0 |
_a617.5/10592 _220 |
| 245 | 0 | 0 |
_aLocal flaps and free skin grafts in head and neck reconstruction / _c[edited by] Janusz Bardach ; assistant editor, Kerry Johanssen ; with illustrations by Hani Elkadi. |
| 260 |
_aSt. Louis : _bMosby Year Book, _cc1992. |
||
| 300 |
_axi, 372 p. : _bill. (some col.) ; _c29 cm. |
||
| 650 | 0 |
_aHead _xSurgery. |
|
| 650 | 0 |
_aNeck _xSurgery. |
|
| 650 | 0 | _aSkin-grafting. | |
| 650 | 0 | _aFlaps (Surgery) | |
| 650 | 0 | _aSurgery, Plastic. | |
| 650 | 2 |
_aHead _xsurgery. |
|
| 650 | 2 |
_aNeck _xsurgery. |
|
| 650 | 2 | _aSkin Transplantation. | |
| 650 | 2 | _aSurgery, Plastic. | |
| 650 | 2 | _aSurgical Flaps. | |
| 700 | 1 | _aBardach, Janusz. | |
| 942 |
_2lcc _cBK _n0 |
||
| 999 |
_c3771 _d3771 |
||